000
00213nam a22000857a 4500
008
160629b xxu||||| |||| 00| 0 eng d
100
_9
1422
_a
Andrews, S
245
_a
Hotel House Keeping
260
_a
New Delhi
_b
TA
_c
1985
999
_c
1178
_d
1178